01588nam a2200289 a 450000100100000000500170001000800410002704000250006808200180009310000370011124501350014826000360028330000210031950000420034050400550038265000620043765000420049965000640054165000360060504900090064195201310065095201310078195201310091295201160104395201220115999900170128100001626620200929164338.0100302s1983 dr 000 0 spa d aDO-SdBNPbspacBNPHU a306.43bD337p1 aDeláncer, Víctor Hugo93633010aPlaneamiento, educación y política :benfoques para una sociología de la educación dominicana /cVíctor Hugo Deláncer. aSanto Domingo :bTaller,c1983. a145 p. ;c22 cm. aIncluye notas al pie de las páginas aIncluye referencias bibliográficas ( p. 139-142) 4aEducación-república dominicana-planificación936331 4aEducaciónxAspectos sociales936332 4aEducaciónzRepública DominicanaxPlanificación936333 4aEducación y desarrollo931141 aBNPD 001154708DSaGRbGRcMId2010-03-02iLF1l0o306.43 D337pp16266-30r2020-06-25te. 3w2020-06-25yLFDSZPréstamo en sala 001154708DSaGRbGRcMId2010-11-25iLF1l0o306.43 D337pp16266-40r2020-06-25te. 4w2020-06-25yLFDSZPréstamo en sala 001154708DSaGRbGRcMId2010-11-25iLF1l0o306.43 D337pp16266-50r2020-06-25te. 5w2020-06-25yLFDSZPréstamo en sala 0010718PDaPDbPDcHDd2010-03-02iLF1l0o306.43 D337pp16266-10r2020-06-25w2020-06-25yLFPDZNo se presta 0010718PDaPDbPDcHDd2010-03-02iLF1l0o306.43 D337pp16266-20r2020-06-25te. 2w2020-06-25yLFPDZNo se presta c15803d15803